[Event "Pardubice Czech op 22nd"]
[Site "Pardubice"]
[Date "2011.07.25"]
[Round "4"]
[White "Sarkozy, Ladislav"]
[Black "Schueler, Hendrik"]
[Result "1-0"]
[WhiteElo "2364"]
[BlackElo "2216"]
[PlyCount "95"]
[EventDate "2011.07.22"]
[EventType "swiss"]
[EventRounds "9"]
[EventCountry "CZE"]
[SourceTitle "CBM 143 Extra"]
[Source "ChessBase"]
[SourceDate "2011.08.29"]
[SourceVersion "1"]
[SourceVersionDate "2011.08.29"]
[SourceQuality "1"]

1. e4 e5 2. Nf3 Nc6 3. d4 exd4 4. Nxd4 Nf6 5. Nxc6 bxc6 6. e5 Qe7 7. Qe2 Nd5 8. c4 Nb6 9. Nc3 Qe6 10. Qe4 a5 11. Bd3 a4 12. 0-0 Ra5 13. Bf4 g6 14. Bg3 Bg7 15. f4 Qe7 16. Rae1 0-0 17. f5 Qc5+ 18. Kh1 d5 19. Qh4 Nxc4 20. f6 Bh8 21. Bxc4 Qxc4 22. Rf4 Qd3 23. Qh6 g5 24. Qxg5+ Qg6 25. Qxg6+ hxg6 26. Rxa4 Rxa4 27. Nxa4 g5 28. Nc5 Kh7 29. Kg1 Kg6 30. Kf2 Bf5 31. Ke3 Rb8 32. b3 Rb4 33. a3 d4+ 34. Kd2 Rb5 35. b4 Rb8 36. Kc1 Ra8 37. Kb2 Rd8 38. Rd1 Bg4 39. Rd2 Kf5 40. Kb3 Kg6 41. a4 Bf5 42. Kc4 d3 43. a5 Bg4 44. Kc3 Be2 45. Nxd3 Bxd3 46. Rxd3 Ra8 47. Kc4 Kf5 48. Rd7 1-0

[Event "Pardubice Czech op 22nd"]
[Site "Pardubice"]
[Date "2011.07.23"]
[Round "2"]
[White "Krensing, Jan"]
[Black "Schueler, Hendrik"]
[Result "1/2-1/2"]
[WhiteElo "2315"]
[BlackElo "2216"]
[PlyCount "32"]
[EventDate "2011.07.22"]
[EventType "swiss"]
[EventRounds "9"]
[EventCountry "CZE"]
[SourceTitle "CBM 143 Extra"]
[Source "ChessBase"]
[SourceDate "2011.08.29"]
[SourceVersion "1"]
[SourceVersionDate "2011.08.29"]
[SourceQuality "1"]

1. d4 d5 2. c4 dxc4 3. e4 Nf6 4. e5 Nd5 5. Bxc4 Nc6 6. Ne2 Bg4 7. f3 Be6 8. Bb3 Qd7 9. Nbc3 0-0-0 10. Ne4 Nb6 11. Nc5 Bxb3 12. axb3 Qf5 13. Be3 e6 14. Qc1 Bxc5 15. Qxc5 Nd5 16. Bd2 Nb6 1/2-1/2

[Event "Pardubice Czech op-A 21st"]
[Site "Pardubice"]
[Date "2010.07.26"]
[Round "4"]
[White "Schueler, Hendrik"]
[Black "Kosiorek, Marek"]
[Result "0-1"]
[WhiteElo "2211"]
[BlackElo "2359"]
[PlyCount "80"]
[EventDate "2010.07.23"]
[EventType "swiss"]
[EventRounds "9"]
[EventCountry "CZE"]
[SourceTitle "CBM 137 Extra"]
[Source "ChessBase"]
[SourceDate "2010.09.01"]
[SourceVersion "1"]
[SourceVersionDate "2010.09.01"]
[SourceQuality "1"]

1. Nf3 Nf6 2. d4 g6 3. Bf4 Bg7 4. e3 0-0 5. h3 d6 6. Be2 b6 7. 0-0 Bb7 8. Bh2 e6 9. c3 Qe7 10. a4 a5 11. Na3 Ne4 12. Ne1 f5 13. f3 Nf6 14. Nd3 Nbd7 15. Qe1 e5 16. dxe5 dxe5 17. Nf2 Kh8 18. Bc4 Nc5 19. Nc2 Ne8 20. Nd3 e4 21. Nxc5 Qxc5 22. Be2 Nf6 23. f4 Bd5 24. Qf2 Qe7 25. Kh1 Qf7 26. g4 Bc4 27. gxf5 gxf5 28. Bg3 Bxe2 29. Qxe2 Nd7 30. Bh4 Nc5 31. Nd4 Nd3 32. Rfd1 c5 33. Nb5 Bf6 34. Nd6 Qe6 35. Bxf6+ Rxf6 36. Nb5 Rh6 37. Kh2 Rxh3+ 38. Kxh3 Qh6+ 39. Kg2 Rg8+ 40. Kf1 Qh3+ 0-1

[Event "Pardubice Czech op-A 21st"]
[Site "Pardubice"]
[Date "2010.07.25"]
[Round "3"]
[White "Schueler, Hendrik"]
[Black "Sarkozy, Ladislav"]
[Result "1/2-1/2"]
[WhiteElo "2211"]
[BlackElo "2373"]
[PlyCount "75"]
[EventDate "2010.07.23"]
[EventType "swiss"]
[EventRounds "9"]
[EventCountry "CZE"]
[SourceTitle "CBM 137 Extra"]
[Source "ChessBase"]
[SourceDate "2010.09.01"]
[SourceVersion "1"]
[SourceVersionDate "2010.09.01"]
[SourceQuality "1"]

1. d4 d5 2. Nf3 Nf6 3. c4 c6 4. Qc2 e6 5. g3 b6 6. Bg2 Bb7 7. 0-0 Nbd7 8. b3 Be7 9. Rd1 0-0 10. Nc3 Qc7 11. Bf4 Bd6 12. Bxd6 Qxd6 13. e4 dxe4 14. Nxe4 Nxe4 15. Qxe4 Qc7 16. Ne5 Rac8 17. Qe3 Rfd8 18. b4 Nxe5 19. dxe5 Rxd1+ 20. Rxd1 Rd8 21. Rd4 Kf8 22. c5 Rxd4 23. Qxd4 Ba6 24. Qd6+ Qxd6 25. exd6 Bb5 26. Bf1 Ba4 27. Bd3 h6 28. f4 Ke8 29. Kf2 Kd7 30. Ke3 Bd1 31. Be2 Bc2 32. Bh5 f6 33. Kd4 b5 34. Be2 Bb1 35. a3 Bc2 36. h4 Bf5 37. Bf3 Bg6 38. Be2 1/2-1/2

[Event "Pardubice Czech op-A 21st"]
[Site "Pardubice"]
[Date "2010.07.23"]
[Round "1"]
[White "Schueler, Hendrik"]
[Black "Smith, Axel"]
[Result "0-1"]
[WhiteElo "2211"]
[BlackElo "2416"]
[PlyCount "104"]
[EventDate "2010.07.23"]
[EventType "swiss"]
[EventRounds "9"]
[EventCountry "CZE"]
[SourceTitle "CBM 137 Extra"]
[Source "ChessBase"]
[SourceDate "2010.09.01"]
[SourceVersion "1"]
[SourceVersionDate "2010.09.01"]
[SourceQuality "1"]

1. d4 Nf6 2. Nf3 e6 3. c4 Bb4+ 4. Bd2 c5 5. Bxb4 cxb4 6. g3 0-0 7. Bg2 a5 8. a3 Na6 9. axb4 Nxb4 10. 0-0 d6 11. Nc3 b6 12. Ne5 dxe5 13. dxe5 Rb8 14. exf6 Qxf6 15. Qc1 Qe5 16. b3 Rd8 17. Qb2 Bd7 18. Rfd1 Be8 19. Rd2 Rxd2 20. Qxd2 Na6 21. Rd1 Nc5 22. f4 Qc7 23. Qc2 Rd8 24. Ne4 Na6 25. Qb1 Bc6 26. Nf2 Be8 27. Ne4 h6 28. Nf2 Kf8 29. Rxd8 Qxd8 30. Qb2 Nc5 31. b4 Na4 32. Qa3 Qd6 33. c5 bxc5 34. bxa5 Qa6 35. Nd3 Qxa5 36. Bf3 Kg8 37. Ne5 Bb5 38. Kg2 Qc3 39. Qa2 Qb2 40. Qxb2 Nxb2 41. Kf2 Kf8 42. Ke1 Ke7 43. Be4 f6 44. Nf3 Nc4 45. Bd3 Nd6 46. Bxb5 Nxb5 47. Kd2 c4 48. Kc2 Kd6 49. Nd2 Kd5 50. e3 c3 51. Nb3 Ke4 52. Nc5+ Kxe3 0-1